Statistiken für Regionalexpress 1

Klicken Sie hier um das Quiz zu spielen!

Allgemein

  • Dieses Quiz wurde 53 mal gespielt
  • Das Durchschnittsergebnis liegt bei 14 aus 23

Antwortstatistiken

Haltestelle% Korrekt
Düsseldorf Hbf
96%
Essen Hbf
94%
Köln Hbf
92%
Dortmund Hbf
90%
Duisburg Hbf
90%
Bochum Hbf
88%
Aachen Hbf
83%
Mühlheim (Ruhr) Hbf
81%
Hamm (Westfalen)
79%
Leverkusen Mitte
69%
Köln Messe/Deutz
67%
Düsseldorf Flughafen
58%
Wattenscheid
58%
Düren
54%
Stolberg (Rheinland) Hbf
46%
Köln-Mülheim
42%
Eschweiler Hbf
40%
Aachen Rothe Erde
38%
Kamen
38%
Köln-Ehrenfeld
35%
Düsseldorf-Benrath
31%
Horrem
29%
Langerwehe
23%

Verteilung der Resultate

Perzentil nach korrekt beantworteten Fragen

Anzahl Personen mit jedem Resultat

Ihre Resultats-Entwicklung

Sie haben dieses Quiz noch nicht gespielt